| 000 | 00743nam a22001577a 4500 | ||
|---|---|---|---|
| 003 | OSt | ||
| 005 | 20151204150404.0 | ||
| 008 | 151204b xxu||||| |||| 00| 0 eng d | ||
| 040 | _cRUA | ||
| 082 | _aFIS MEA 2003 B186 Or.1 | ||
| 100 |
_94295 _aMEAK, SOEUNG. |
||
| 245 | _aTechnological assessment of dai(bag net) fishing gear in tonle sap river case study of kandal stoueng fishing unit, ការវាយតម្លៃបច្ចេកវិទ្យាដាយត្រីតាមដងទន្លេសាបករណីសិក្សាដាយត្រីនៅអង្គភាពនេសាទរដ្ឋកណ្ដាលស្ទឹង | ||
| 260 |
_aPhnom Penh _bRUA _c2003 |
||
| 300 |
_a59p. _bill. _c29cm. |
||
| 942 |
_2ddc _cFIS |
||
| 999 |
_c4010 _d4010 |
||